[Event "Moscow2"]
[Site "Moscow"]
[Date "1989.??.??"]
[Round "?"]
[White "Gavrilov, Alexei"]
[Black "Nikolenko, Oleg"]
[Result "0-1"]
[WhiteElo "2370"]
[BlackElo "2405"]

1.d4 Nf6 2.c4 e6 3.Nf3 Bb4+ 4.Bd2 c5 5.g3 b6 6.Bg2 Bb7 7.O-O O-O 8.Bxb4 cxb4
9.Nbd2 Qc7 10.Re1 d6 11.Qb3 a5 12.e4 e5 13.h3 Nc6 14.Qe3 Rfe8 15.d5 Nb8 16.Nh4 Bc8
17.Kh2 Na6 18.f4 Qc5 19.Qe2 Bd7 20.Rac1 Rac8 21.Nhf3 Qc7 22.f5 Nc5 23.g4 h6
24.Rg1 Qb8 25.Bf1 b5 26.Qe3 Kf8 27.g5 hxg5 28.Rxg5 Ke7 29.Rxg7 Rg8 30.Rxg8 Rxg8
31.cxb5 Rh8 32.Kg1 Rc8 33.Nh2 Rg8+ 34.Kh1 Bxb5 35.Bxb5 Qxb5 36.Rg1 Rh8 37.Ng4 Qd3
38.Qxd3 Nxd3 39.Nxf6 Kxf6 40.Rg3 Nxb2 41.a3 Rc8 42.axb4 axb4 43.h4 Na4 44.Kh2 Nc5
45.Re3 Ra8 46.Nc4 b3 47.Re1 Ra2+ 48.Kh3 Rc2 49.Nxd6 b2 50.Rb1 Na4  0-1

[Event "Moscow2"]
[Site "Moscow"]
[Date "1989.??.??"]
[Round "?"]
[White "Gezaljan, Tigran"]
[Black "Nikolenko, Oleg"]
[Result "1/2-1/2"]
[WhiteElo "2360"]
[BlackElo "2405"]

1.d4 Nf6 2.c4 e6 3.Nf3 Bb4+ 4.Bd2 Qe7 5.e3 O-O 6.Bxb4 Qxb4+ 7.Qd2 Qe7 8.Nc3 d6
9.e4 e5 10.d5 Nbd7 11.Bd3 Nc5 12.Bc2 a5 13.O-O-O Bg4 14.Qe3 c6 15.h3 Bxf3
16.Qxf3 cxd5 17.exd5 Ne8 18.g4 Nc7 19.h4 a4 20.Ne4 N7a6 21.g5 Nxe4 22.Qxe4 g6
23.f4 Nc5 24.Qe3 Rae8 25.Rde1 f5 26.h5 Qf7 27.hxg6 hxg6 28.Rh6 Qg7 29.Reh1 Rf7
30.Qh3 Kf8 31.Bxf5 e4 32.Rh8+ Ke7 33.Rxe8+ Kxe8 34.Bxe4 Kd8 35.Qh8+ Qxh8
36.Rxh8+ Ke7 37.Bxg6 Rxf4 38.Rh7+ Kf8 39.Bh5 Rxc4+ 40.Kd2 Rd4+ 41.Ke3 Rxd5
42.g6 Rg5  1/2-1/2

[Event "Moscow2"]
[Site "Moscow"]
[Date "1989.??.??"]
[Round "?"]
[White "Perelshteyn, Mikhail"]
[Black "Lipman, V."]
[Result "1-0"]
[WhiteElo "2325"]
[BlackElo "2285"]

1.Nf3 Nf6 2.c4 e6 3.d4 Bb4+ 4.Bd2 a5 5.Qc2 d5 6.a3 Bxd2+ 7.Nbxd2 a4 8.g3 O-O
9.Bg2 Nc6 10.O-O dxc4 11.Qxc4 Qd5 12.Rac1 Rd8 13.e3 Qa5 14.Rfd1 h6 15.Qc2 Bd7
16.Nc4 Qb5 17.Bf1 Qh5 18.Nfe5 Be8 19.Be2 Qh3 20.Bf1 Qh5 21.h3 Qf5 22.Qxf5 exf5
23.Nxc6 bxc6 24.Ne5 Rab8 25.Nxc6 Bxc6 26.Rxc6 Rxb2 27.Rdc1 Ne4 28.R1c2 Rb3
29.Ra2 Nc3 30.Ra1 Rb1 31.Rxb1 Nxb1 32.Bd3 Nxa3 33.Rc3  1-0

[Event "URS-ch sf"]
[Site "Moscow"]
[Date "1989.??.??"]
[Round "?"]
[White "Kishnev, Sergey"]
[Black "Nikolenko, Oleg"]
[Result "1-0"]
[WhiteElo "2375"]
[BlackElo "2405"]

1.d4 Nf6 2.c4 e6 3.Nf3 Bb4+ 4.Bd2 c5 5.Bxb4 cxb4 6.Nbd2 O-O 7.g3 d6 8.Bg2 Re8
9.Nf1 Qc7 10.Ne3 b6 11.O-O Bb7 12.Qd2 a5 13.Rfd1 Nbd7 14.a3 bxa3 15.Rxa3 Nb8
16.b4 Nc6 17.bxa5 Nxa5 18.Qa2 Rec8 19.Nd2 Bxg2 20.Kxg2 Qb7+ 21.f3 Nc6 22.Nb3 b5
23.Ra1 Rxa3 24.Qxa3 Ne8 25.d5 Ne5 26.dxe6 Nxc4 27.Na5 Nxa3 28.Nxb7 b4 29.Nf5 Rc2
30.exf7+ Kxf7 31.Kf2 d5 32.Nd4 Rc3 33.Ra2 Nc4 34.Ra7 Ra3 35.Nd8+ Kg6 36.Rb7 Ned6
37.Rxb4 Ra2 38.N8c6 Kf6 39.Rb8 g6 40.Rf8+ Kg7 41.Ne6+ Kh6 42.Ne7 Ne5 43.Ng8+  1-0

[Event "Muenster op"]
[Site "Muenster"]
[Date "1989.??.??"]
[Round "8"]
[White "Naumkin, Igor"]
[Black "Stoeckmann, Helmut"]
[Result "1-0"]
[WhiteElo "2435"]
[BlackElo "2220"]

1.d4 Nf6 2.c4 e6 3.Nf3 Bb4+ 4.Bd2 Bxd2+ 5.Qxd2 d6 6.Nc3 Nbd7 7.g3 O-O 8.Bg2 c6
9.O-O Re8 10.b3 Qe7 11.e4 e5 12.Rad1 Nf8 13.Nh4 Bd7 14.f4 Rad8 15.fxe5 dxe5
16.d5 Qc5+ 17.Kh1 Qa5 18.Qb2 c5 19.a3 Qa6 20.Na2 Bg4 21.Rd2 Ng6 22.Nf5 Bxf5
23.Rxf5 Nd7 24.Rdf2 f6 25.Nc3 Ne7 26.R5f3 Nc8 27.Nb5 Qb6 28.Bh3 a6 29.Nc3 Nd6
30.Be6+ Kh8 31.Bxd7 Rxd7 32.g4 Kg8 33.h4 Qc7 34.Qe2 Rf7 35.Na4 b5 36.Nb2 Qc8
37.Rc3 Rc7 38.Qf3 h6 39.Rfc2 a5 40.Qg2 b4 41.axb4 axb4 42.Rg3 Rf8 43.Nd3 Ra7
44.g5 hxg5 45.hxg5 fxg5 46.Nxe5 Rf4 47.Rh3 Rh4 48.Rxh4 gxh4 49.Nc6 Rf7 50.e5 Qf5
51.exd6 h3 52.Qe2  1-0

[Event "Naleczow op"]
[Site "Naleczow"]
[Date "1989.??.??"]
[Round "?"]
[White "Grabowski, Andrzej"]
[Black "Ksieski, Zbigniew"]
[Result "1-0"]
[WhiteElo "2340"]
[BlackElo "2365"]

1.d4 Nf6 2.c4 e6 3.Nf3 Bb4+ 4.Bd2 a5 5.g3 d6 6.Bg2 Nbd7 7.O-O e5 8.Nc3 exd4
9.Nxd4 O-O 10.Qc2 Re8 11.Rad1 Ne5 12.b3 c6 13.h3 Ng6 14.Bc1 d5 15.cxd5 Bxc3
16.Qxc3 cxd5 17.Bg5 Ne4 18.Bxe4 Qxg5 19.Bg2 Qe7 20.Kh2 Rd8 21.Rc1 Bd7 22.Qc7 Bc6
23.Qb6 Ra6 24.Qc5 Kf8 25.a3 Be8 26.e3 Qxc5 27.Rxc5 Ne7 28.Rfc1 Bc6 29.Bf1 Raa8
30.a4 Rd6 31.Bb5 Bxb5 32.Rxb5 b6 33.Rc7 Ra6 34.Kg2 g6 35.g4 g5 36.Rxe7 Kxe7
37.Nf5+ Ke6 38.Nxd6 Kxd6 39.e4 dxe4 40.Rxg5  1-0

[Event "Naleczow op"]
[Site "Naleczow"]
[Date "1989.??.??"]
[Round "?"]
[White "Praszak, Michal"]
[Black "Hanasz, Waldemar"]
[Result "1-0"]
[WhiteElo "2335"]
[BlackElo "2295"]

1.d4 Nf6 2.c4 e6 3.Nf3 Bb4+ 4.Bd2 Qe7 5.Nc3 d5 6.cxd5 exd5 7.a3 Bxc3 8.bxc3 Ne4
9.Bf4 O-O 10.e3 g5 11.Bg3 h5 12.Nd2 Nxd2 13.Kxd2 h4 14.Bd3 hxg3 15.hxg3 f5
16.Rh6 Rf6 17.Rh5 Qg7 18.Qf3 Be6 19.Rah1 Nd7 20.g4 c6 21.gxf5 Bf7 22.R5h2 Re8
23.g4 Nf8 24.Qg3 Re7 25.Qb8 Be8 26.Qd8 Kf7 27.Qb8 a6 28.e4 Nd7 29.Qd8 Kg8
30.e5 Rf8 31.Qxe7 Qxe7  1-0

[Event "Naleczow op"]
[Site "Naleczow"]
[Date "1989.??.??"]
[Round "?"]
[White "Szymczak, Zbigniew"]
[Black "Jamroz, Zbigniew"]
[Result "1-0"]
[WhiteElo "2400"]
[BlackElo "2240"]

1.d4 Nf6 2.c4 e6 3.Nf3 Bb4+ 4.Bd2 Qe7 5.g3 O-O 6.Bg2 Bxd2+ 7.Nbxd2 d6 8.e4 e5
9.O-O a5 10.h3 Nc6 11.d5 Nb8 12.Ne1 Na6 13.Nd3 Nc5 14.Nxc5 dxc5 15.f4 Ne8
16.Qh5 Nf6 17.Qe2 Ne8 18.Nf3 f6 19.f5 Nd6 20.g4 Bd7 21.Nd2 c6 22.Qe3 cxd5
23.exd5 Rfc8 24.Rac1 Rab8 25.Ne4 Nxe4 26.Bxe4 b5 27.b3 bxc4 28.bxc4 Rb4 29.Kh1 Rcb8
30.Rfd1 Qd6 31.g5 fxg5 32.Qxg5 Qf6 33.Rg1 R8b6 34.Qg2 Rb2 35.Rc2 Rb1 36.Rf2 Rxg1+
37.Kxg1 Qh6 38.Kh2 a4 39.Qg3 Qf6 40.Qe3 Qe7 41.Rg2 Rf6 42.Rd2 Qd6 43.Qd3 Bxf5
44.Bxf5 e4+ 45.Qg3 Qxg3+ 46.Kxg3 Rxf5 47.Re2 Rf3+ 48.Kg4 Kf7 49.Rxe4 Ra3
50.d6 Rxa2 51.Kf5 a3 52.Re7+ Kf8 53.Ra7 Re2 54.Ra8+ Re8 55.Rxa3 Kf7 56.Ra7+ Kf8
57.Rc7 Rd8 58.Ke6  1-0

[Event "New York op"]
[Site "New York"]
[Date "1989.??.??"]
[Round "2"]
[White "Zaltsman, Vitaly F"]
[Black "Arnason, Jon L"]
[Result "1/2-1/2"]
[WhiteElo "2420"]
[BlackElo "2550"]

1.d4 Nf6 2.c4 e6 3.Nf3 Bb4+ 4.Bd2 c5 5.Bxb4 cxb4 6.a3 bxa3 7.Rxa3 O-O 8.g3 d6
9.Bg2 Qc7 10.b3 Nc6 11.O-O Nb4 12.Qd2 a5 13.Nc3 Rd8 14.Raa1 Bd7 15.Rfd1 Rac8
16.Rac1 Qb8 17.Ra1 b5 18.cxb5 Qb6 19.Rdc1 Bxb5 20.Nxb5 Qxb5 21.Rxc8 Rxc8
22.Rc1 Rxc1+ 23.Qxc1 h6 24.Bf1 Qd5 25.Qc8+ Kh7 26.Qc7 Nc6 27.Qb7 e5 28.dxe5 dxe5
29.Ne1 e4 30.Nc2 Ng4 31.h3 Nge5 32.Ne3 Qd7 33.Qb5 Qd4 34.h4 h5 35.Bh3 g6
36.Bc8 Qb4 37.Qxb4 axb4 38.Nd5 Nd4 39.e3 Nxb3 40.Nxb4 Nc5  1/2-1/2

[Event "Novosibirsk"]
[Site "Novosibirsk"]
[Date "1989.??.??"]
[Round "?"]
[White "Komarov, Dimitri"]
[Black "Serper, Grigory"]
[Result "0-1"]
[WhiteElo "2390"]
[BlackElo "2420"]

1.d4 Nf6 2.c4 e6 3.Nf3 Bb4+ 4.Bd2 Qe7 5.g3 b6 6.Bg2 Bb7 7.O-O Bxd2 8.Qxd2 d6
9.Nc3 Ne4 10.Nxe4 Bxe4 11.Qe3 Bb7 12.d5 e5 13.Nh4 O-O 14.f4 Nd7 15.f5 Nf6
16.Rad1 e4 17.Bh3 c6 18.dxc6 Bxc6 19.Nf3 d5 20.Nd4 Bb7 21.g4 dxc4 22.g5 Nd5
23.Qg3 f6 24.Ne6 Rfc8 25.Bg2 fxg5 26.Bxe4 Nf4 27.Qf3 Bxe4 28.Qxe4 Re8 29.Qxc4 Rac8
30.Qb3 Nxe6 31.fxe6 Qxe6 32.Qxe6+ Rxe6 33.Rd2 h6 34.Rf5 Rce8 35.Kf2 Rf8 36.Rxf8+ Kxf8
37.Rd8+ Ke7 38.Ra8 a5 39.Ra7+ Kf6 40.Rb7 g4 41.e4 h5 42.Ke3 g6 43.Rb8 Kg5
44.Kd4 Rd6+ 45.Ke3 Kh4 46.e5 Rc6 47.Ke4 Kh3 48.Kd5 Rc5+ 49.Kd6 Kxh2 50.e6 Rc2
51.e7 Re2 52.e8=Q Rxe8 53.Rxe8 g3 54.Rg8 g2 55.Rxg6 g1=Q 56.Rxg1 Kxg1 57.Ke5  0-1

[Event "EUCup Novosibirsk"]
[Site "Novosibirsk"]
[Date "1989.??.??"]
[Round "?"]
[White "Timoshchenko, Gennadi A"]
[Black "Kiselev, Sergey"]
[Result "1-0"]
[WhiteElo "2460"]
[BlackElo "2445"]

1.d4 Nf6 2.c4 e6 3.Nf3 Bb4+ 4.Bd2 Qe7 5.g3 Nc6 6.Nc3 d5 7.a3 Bxc3 8.Bxc3 O-O
9.Bg2 Rd8 10.O-O a5 11.Qc2 Ne4 12.b3 Bd7 13.Bb2 Be8 14.Ne1 f5 15.cxd5 exd5
16.Nd3 Qf6 17.e3 Rac8 18.Rac1 Ne7 19.a4 Rd6 20.Ba3 Rc6 21.Qa2 Rxc1 22.Rxc1 c6
23.b4 axb4 24.Bxb4 Ra8 25.Qb3 Nc8 26.Ne5 Bf7 27.Ba3 Ned6 28.Bc5 Be6 29.Qb4 Qd8
30.Bf1 Qc7 31.Ra1 Ra5 32.Qb3 Ne4 33.Bb4 Ra8 34.Rc1 Ned6 35.a5 Nf7 36.Nd3 Ncd6
37.Nc5 Bc8 38.Na4 Be6 39.Nc5 Bc8 40.Na4 Be6 41.Qc2 Rxa5 42.Bxa5 Qxa5 43.Nc5 Bc8
44.Qb2 Ng5 45.Ra1 Qc7 46.Ra8 h6 47.h4 Nge4 48.Nxe4 Nxe4 49.Qe2 Nd6 50.Qf3 Qe7
51.Bd3 g6 52.h5 Qg5 53.hxg6 Kg7 54.Kf1 h5 55.Ke2 Kxg6 56.Qf4 Qxf4 57.exf4 Kf6
58.Ke3 Be6 59.Rf8+ Bf7 60.Be2 Nc4+ 61.Kd3 Kg7 62.Rd8 Kf6 63.Rf8 Kg7 64.Rd8 Kf6
65.Kc3 Ke7 66.Rh8 Nd6 67.Bxh5 Ne4+ 68.Kc2 Be6 69.Rh7+ Kf6 70.Rxb7 c5 71.dxc5 Nxc5
72.Rb6 Ke7 73.Bf3 d4 74.Rc6  1-0

[Event "Novosibirsk"]
[Site "Novosibirsk"]
[Date "1989.??.??"]
[Round "?"]
[White "Kalinitschew, Sergey"]
[Black "Vekshenkov, Nikolai"]
[Result "1/2-1/2"]
[WhiteElo "2455"]
[BlackElo "2295"]

1.d4 Nf6 2.Nf3 e6 3.c4 Bb4+ 4.Bd2 c5 5.Bxb4 cxb4 6.g3 O-O 7.Bg2 d6 8.O-O a5
9.a3 bxa3 10.Nxa3 Na6 11.Qb3 Rb8 12.Rfd1 b6 13.Ne1 Qe7 14.Nb5 Nb4 15.Nd3 Nxd3
16.Rxd3 Ba6 17.Rc3 Qd7 18.Na3 h6  1/2-1/2

[Event "Paris-ch"]
[Site "Paris"]
[Date "1989.??.??"]
[Round "6"]
[White "Psakhis, Lev"]
[Black "Taimanov, Mark E"]
[Result "1/2-1/2"]
[WhiteElo "2585"]
[BlackElo "2480"]

1.d4 Nf6 2.c4 e6 3.Nf3 Bb4+ 4.Bd2 c5 5.Nc3 d6 6.Qc2 Qe7 7.Bg5 Nc6 8.a3 Bxc3+
9.bxc3 h6 10.Bh4 e5 11.e3  1/2-1/2

[Event "World op"]
[Site "Philadelphia"]
[Date "1989.??.??"]
[Round "9"]
[White "Pelts, Peter"]
[Black "Petursson, Margeir"]
[Result "0-1"]
[WhiteElo "2295"]
[BlackElo "2530"]

1.d4 Nf6 2.Nf3 e6 3.c4 Bb4+ 4.Bd2 c5 5.g3 Qb6 6.Nc3 cxd4 7.Nb5 Bxd2+ 8.Qxd2 Nc6
9.Nd6+ Ke7 10.Rc1 Qc5 11.Nxc8+ Raxc8 12.a3 Qa5 13.Bg2 Qxd2+ 14.Nxd2 d6 15.b4 Rc7
16.Nb3 Rhc8 17.Kd2 Ne5 18.c5 dxc5 19.Rxc5 Rxc5 20.bxc5 Nc6 21.Kd3 e5 22.f4 Ng4
23.Kd2 f6 24.Bh3 h5 25.Rb1 e4 26.Nc1 Rc7 27.Na2 Na5 28.Rb4 Rxc5  0-1

[Event "Bohemians-B"]
[Site "Prague"]
[Date "1989.??.??"]
[Round "?"]
[White "Szymczak, Zbigniew"]
[Black "Znamenacek, Kvetoslav"]
[Result "1/2-1/2"]
[WhiteElo "2400"]
[BlackElo "2305"]

1.Nf3 Nf6 2.c4 e6 3.d4 Bb4+ 4.Bd2 Qe7 5.Nc3 O-O 6.Qc2 b6 7.e4 d5 8.e5 Bxc3
9.bxc3 Ne4 10.Bd3 Bb7 11.cxd5 exd5 12.O-O Nd7 13.a4 c5 14.a5 c4 15.Be2 f6
16.exf6 Qxf6 17.Be3 b5 18.Ne5 Nxe5 19.dxe5 Qxe5 20.Bd4 Qf5 21.Qd1 a6 22.Bg4 Qf7
23.f3 Nf6 24.Bh3 Bc8 25.Bxc8 Raxc8 26.Re1 Rfe8 27.Qd2 Nd7 28.Rxe8+ Rxe8 29.Re1 h6
30.Kf2 Rxe1 31.Qxe1 Nf6 32.Kg1 Qe8 33.Qd2 Qe6 34.g4 Nd7 35.Qf4 Qe1+ 36.Kg2 Qe2+
37.Kg3 Qe1+ 38.Kg2 Qe2+ 39.Kg3 Qe8 40.Qf5 Qf7 41.Qc2 Nb8 42.Bb6 Nc6 43.Qd2 Qe6
44.Kg2 Qe5 45.h4 b4 46.cxb4 c3 47.Qf2 Nxb4 48.Bd4 Qc7 49.Qe3 c2 50.Qe8+ Kh7
51.h5  1/2-1/2

[Event "Bohemians"]
[Site "Prague"]
[Date "1989.??.??"]
[Round "?"]
[White "Vokac, Marek"]
[Black "Lanc, Alois"]
[Result "1-0"]
[WhiteElo "2445"]
[BlackElo "2410"]

1.d4 Nf6 2.c4 e6 3.Nf3 Bb4+ 4.Bd2 a5 5.g3 Qe7 6.Bg2 Nc6 7.O-O Bxd2 8.Qxd2 d5
9.cxd5 exd5 10.Nc3 O-O 11.Rac1 Bg4 12.Qf4 Bxf3 13.Bxf3 Qb4 14.e3 Qxb2 15.Nxd5 Nxd5
16.Bxd5 Nb4 17.Rb1 Qd2 18.Bxb7 Rab8 19.Qxc7 Nxa2 20.Bd5 Rbc8 21.Bxf7+ Kh8
22.Qe7 Nc3 23.Rb7 Qd3 24.Be6 Ne2+ 25.Kg2 Qe4+ 26.f3 Nf4+ 27.exf4  1-0

[Event "Prague op"]
[Site "Prague"]
[Date "1989.??.??"]
[Round "8"]
[White "Bagaturov, Giorgi"]
[Black "Zvolanek, Lubomir"]
[Result "1-0"]
[WhiteElo "2365"]
[BlackElo "2230"]

1.d4 Nf6 2.c4 e6 3.Nf3 Bb4+ 4.Bd2 c5 5.Bxb4 cxb4 6.g3 O-O 7.Bg2 d6 8.O-O a5
9.Qc2 Qe7 10.Nbd2 Nc6 11.Rac1 Rd8 12.e4 Nd7 13.Rfd1 e5 14.Nf1 exd4 15.Nxd4 Nxd4
16.Rxd4 Nc5 17.Ne3 Be6 18.Rcd1 Rd7 19.f4 f6 20.Bf3 g5 21.fxg5 fxg5 22.Qe2 a4
23.Bg4 a3 24.b3 Ra5 25.Nd5 Qg7 26.Nxb4 Qe5 27.Nd5 Rf7 28.b4 Bxg4 29.Qxg4 Ne6
30.R4d2 Ra8 31.Ne3 h5 32.Qxh5 Qxe4 33.Ng4 Rf3 34.Rxd6 Raf8 35.Nh6+ Kh8 36.Nf5+ Kg8
37.Qg6+ Kh8 38.Rd7 Qxf5  1-0

[Event "Prague op"]
[Site "Prague"]
[Date "1989.??.??"]
[Round "9"]
[White "Gofshtein, Leonid D"]
[Black "Hosticka, Frantisek"]
[Result "1-0"]
[WhiteElo "2415"]
[BlackElo "2235"]

1.d4 Nf6 2.c4 e6 3.Nf3 Bb4+ 4.Bd2 Bxd2+ 5.Qxd2 d6 6.Nc3 O-O 7.g3 Qe7 8.Bg2 e5
9.O-O Re8 10.Rac1 c6 11.e4 Na6 12.h3 h6 13.Rfe1 Nh7 14.Nh4 Qg5 15.Re3 Nf8
16.d5 c5 17.Rf1 Ng6 18.Nf3 Qd8 19.Ne1 Nc7 20.Nd3 Bd7 21.f4 exf4 22.gxf4 Qh4
23.Kh2 b5 24.b3 bxc4 25.bxc4 Rab8 26.Rg3 Na6 27.e5 dxe5 28.f5 Nf4 29.Nxf4 exf4
30.Rxf4 Rb2 31.Qxb2 Qxf4 32.Ne4 Qe5 33.Nf6+ Kh8 34.Qxe5 Rxe5 35.Nxd7  1-0

[Event "Primorsko op"]
[Site "Primorsko"]
[Date "1989.??.??"]
[Round "?"]
[White "Voiska, Margarita"]
[Black "Sakhatova, Elvira"]
[Result "1-0"]
[WhiteElo "2340"]
[BlackElo "2140"]

1.d4 Nf6 2.Nf3 e6 3.c4 Bb4+ 4.Bd2 Qe7 5.Nc3 O-O 6.g3 d5 7.Bg2 Rd8 8.Qb3 Nc6
9.a3 Bxc3 10.Bxc3 Ne4 11.O-O b6 12.Rac1 Bb7 13.Rfd1 Rac8 14.Qc2 Nxc3 15.Qxc3 Na5
16.c5 Bc6 17.b4 Nc4 18.Ne5 Nxe5 19.dxe5 Bb5 20.e4 Bc4 21.exd5 exd5 22.Bh3 Ra8
23.Qd4 bxc5 24.bxc5 c6 25.e6 Re8 26.Re1 Kh8 27.Re3 Rab8 28.Rce1 f6 29.Bf5 g6
30.Bc2 Rb5 31.g4 Kg8 32.Rh3 Rxc5 33.Bxg6  1-0

[Event "Reykjavik"]
[Site "Reykjavik"]
[Date "1989.??.??"]
[Round "?"]
[White "Eingorn, Vereslav S"]
[Black "Bjarnason, Saevar"]
[Result "1-0"]
[WhiteElo "2570"]
[BlackElo "2335"]

1.d4 Nf6 2.c4 e6 3.Nf3 Bb4+ 4.Bd2 c5 5.Bxb4 cxb4 6.e3 O-O 7.Bd3 d6 8.O-O Re8
9.h3 Nc6 10.Nbd2 e5 11.Bc2 Bd7 12.Re1 Rc8 13.Rc1 h6 14.Bb1 Qe7 15.Nf1 g6
16.Ng3 Kg7 17.Qd2 a5 18.Rcd1 Red8 19.Nh2 Nb8 20.Bd3 h5 21.Rc1 e4 22.Be2 h4
23.Nh1 Bf5 24.f3 exf3 25.Bxf3 Ne4 26.Bxe4 Bxe4 27.Nf2 Bf5 28.e4 Bd7 29.Nf3 b5
30.cxb5 Bxb5 31.Ng4 Nd7 32.Qh6+ Kg8 33.Ng5 Nf6 34.Kh1 Bd7 35.e5 dxe5 36.dxe5 Bxg4
37.exf6 Qxf6 38.hxg4 Rxc1 39.Rxc1 h3 40.Qh7+ Kf8 41.Nxh3 Qxb2 42.Rf1 Qg7
43.Qh4 Rd7 44.Ng5 Qe5 45.Re1  1-0

[Event "Reykjavik"]
[Site "Reykjavik"]
[Date "1989.??.??"]
[Round "?"]
[White "Olafsson, Helgi"]
[Black "Arnason, Jon L"]
[Result "1/2-1/2"]
[WhiteElo "2520"]
[BlackElo "2550"]

1.d4 Nf6 2.c4 e6 3.Nf3 Bb4+ 4.Bd2 c5 5.Bxb4 cxb4 6.g3 O-O 7.Bg2 d6 8.Nbd2 Re8
9.O-O Nc6 10.Qb3 a5 11.d5 exd5 12.cxd5 Ne7 13.Nd4 Nf5 14.Nxf5 Bxf5 15.Rfe1 Nd7
16.e4 Bg6 17.a3  1/2-1/2

[Event "Reykjavik"]
[Site "Reykjavik"]
[Date "1989.??.??"]
[Round "?"]
[White "Olafsson, Helgi"]
[Black "Bjarnason, Saevar"]
[Result "1-0"]
[WhiteElo "2520"]
[BlackElo "2335"]

1.d4 Nf6 2.c4 e6 3.Nf3 Bb4+ 4.Bd2 Qe7 5.g3 O-O 6.Bg2 Nc6 7.O-O Bxd2 8.Qxd2 d6
9.Nc3 e5 10.Nd5 Qd8 11.Rfd1 Bg4 12.dxe5 dxe5 13.Qe3 Nd7 14.Rd2 f6 15.Rad1 Bxf3
16.Qxf3 Nd4 17.Qa3 Rf7 18.e3 Ne6 19.Nc3 Qc8 20.Bxb7 Qxb7 21.Rxd7 Raf8 22.Rxf7 Rxf7
23.Qb3 Qc6 24.Qb5 Qxb5 25.cxb5 Kf8 26.Kf1 Ke8 27.Ke2 Nc5 28.b4 Nb7 29.Ne4 Re7
30.g4 Re6 31.a4 Rb6 32.Nc5 Nd6 33.Na6 Kd7 34.Rc1 Ne8 35.Rc6 Kd8 36.Kd3 Nd6
37.Nc5  1-0

[Event "Sagua la Grande"]
[Site "Sagua la Grande"]
[Date "1989.??.??"]
[Round "4"]
[White "Arencibia, Walter"]
[Black "Vilela, Jose Luis"]
[Result "1/2-1/2"]
[WhiteElo "2395"]
[BlackElo "2405"]

1.Nf3 Nf6 2.d4 e6 3.c4 Bb4+ 4.Bd2 a5 5.Nc3 d6 6.e3 b6 7.Bd3 Bb7 8.Qc2 Nbd7
9.O-O O-O 10.e4 e5 11.Nd5 Bxd2 12.Qxd2  1/2-1/2

[Event "Sagua la Grande"]
[Site "Sagua la Grande"]
[Date "1989.??.??"]
[Round "4"]
[White "Estevez, Guillermo"]
[Black "De Armas, Asela"]
[Result "1-0"]
[WhiteElo "2405"]
[BlackElo "2255"]

1.Nf3 Nf6 2.c4 e6 3.d4 Bb4+ 4.Bd2 Be7 5.Nc3 O-O 6.g3 d5 7.Bg2 c6 8.Qb3 Ne4
9.O-O Nxd2 10.Nxd2 dxc4 11.Qxc4 Nd7 12.Nf3 Nb6 13.Qb3 Nd5 14.e4 Nf6 15.Rfd1 b6
16.Rac1 Bb7 17.Ne5 Qb8 18.f4 c5 19.d5 exd5 20.exd5 Bd6 21.Nc6 Bxc6 22.dxc6 Bc7
23.Nd5 Nxd5 24.Rxd5 Qe8 25.Rd7 Rc8 26.Kf1 Qe6 27.Re1 Qf6 28.Ree7 Bd6 29.Rxf7  1-0

[Event "Sagua la Grande"]
[Site "Sagua la Grande"]
[Date "1989.??.??"]
[Round "8"]
[White "Estevez, Guillermo"]
[Black "Arencibia, Juan Joel"]
[Result "1-0"]
[WhiteElo "2405"]
[BlackElo "2405"]

1.d4 Nf6 2.c4 e6 3.Nf3 Bb4+ 4.Bd2 Qe7 5.g3 Bxd2+ 6.Qxd2 d6 7.Nc3 O-O 8.Bg2 e5
9.O-O Re8 10.e4 Bg4 11.Ne1 exd4 12.Qxd4 Nc6 13.Qd2 Qe5 14.Nd5 Rac8 15.f3 Bd7
16.Rd1 Nxd5 17.cxd5 Nd8 18.Nd3 Qd4+ 19.Nf2 Qxd2 20.Rxd2 f6 21.Rc1 Nf7 22.f4 c6
23.dxc6 Rxc6 24.Rcd1 Rc7 25.Bf3 Kf8 26.Kg2 b6 27.Rd4 Rc2 28.R4d2 Rc7 29.Rd4 Rc2
30.R1d2 Rxd2 31.Rxd2 g6 32.Nd1 Be6 33.Nc3 Rc8 34.Kf2 f5 35.exf5 Bxf5 36.Bd5 Rd8
37.Nb5 Nh6 38.Bf3 Be6 39.a3 a6 40.Rxd6  1-0

[Event "San Bernardino op"]
[Site "San Bernardino"]
[Date "1989.??.??"]
[Round "5"]
[White "Nemet, Ivan"]
[Black "Barbero, Gerardo F"]
[Result "1-0"]
[WhiteElo "2430"]
[BlackElo "2495"]

1.d4 Nf6 2.Nf3 e6 3.c4 Bb4+ 4.Bd2 a5 5.Nc3 O-O 6.e3 d5 7.Rc1 b6 8.a3 Be7
9.Bd3 Bb7 10.O-O Nbd7 11.cxd5 exd5 12.Ne2 Rc8 13.Nf4 Bd6 14.Bf5 g6 15.Bh3 Ra8
16.Qa4 Qe7 17.Rfe1 Rfe8 18.Nd3 Nf8 19.Bc3 Ne4 20.g3 f6 21.Nd2 Qf7 22.Qb3 Nxd2
23.Bxd2 Ne6 24.Bg2 Ng5 25.Nc5 Bc6 26.Ne6 Bb7 27.Nxg5 fxg5 28.Re2 g4 29.Be1 h5
30.Rec2 Rab8 31.Rc6 Bxc6 32.Rxc6 Kh7 33.Bxd5 Qf5 34.Bc4 Rbd8 35.Bd3 Qf3 36.Qc2 Qf7
37.e4 Re6 38.e5  1-0

[Event "Sochi-B"]
[Site "Sochi"]
[Date "1989.??.??"]
[Round "?"]
[White "Kallai, Gabor"]
[Black "Grosar, Aljosa"]
[Result "1-0"]
[WhiteElo "2405"]
[BlackElo "2385"]

1.d4 Nf6 2.c4 e6 3.Nf3 Bb4+ 4.Bd2 c5 5.Bxb4 cxb4 6.g3 O-O 7.Bg2 d6 8.O-O Re8
9.Qd3 Qc7 10.a3 e5 11.Nfd2 bxa3 12.Nxa3 Nc6 13.Nb5 Qe7 14.e3 a6 15.d5 Nb4
16.Qb3 a5 17.c5 dxc5 18.d6 Qd8 19.Nc7 Qxd6 20.Nxe8 Nxe8 21.Ne4 Qc7 22.Qc3 c4
23.Rfc1 Be6 24.Ng5 Rc8 25.Nxe6 fxe6 26.Bf1 b5 27.b3 Nd5 28.Qxa5 Nd6 29.bxc4 bxc4
30.Qxc7 Rxc7 31.Ra6 Rd7 32.Bxc4 Nxc4 33.Rxc4 Kf7 34.Kg2 h6 35.h3 Kf6 36.Rcc6 Re7
37.Rd6 Kf7 38.Ra5 e4 39.Rda6 Rc7 40.Ra7 Rxa7 41.Rxa7+ Kf6 42.Ra4 Ke5 43.Ra8 h5
44.Rf8 Nf6 45.Kf1 g6 46.Rf7 Ne8 47.Ke2 Nd6 48.Rf8 Nc4 49.Kd1 Nb6 50.Kc2 Nd5
51.Kb3 Ne7 52.Kc4 Nf5 53.Kc5 Nh6 54.Kc6 Nf5 55.Kd7 g5 56.Re8  1-0

[Event "Sochi-A"]
[Site "Sochi"]
[Date "1989.??.??"]
[Round "?"]
[White "Popchev, Milko"]
[Black "Ulibin, Mikhail"]
[Result "1/2-1/2"]
[WhiteElo "2425"]
[BlackElo "2495"]

1.d4 Nf6 2.Nf3 e6 3.c4 Bb4+ 4.Bd2 Qe7 5.g3 Nc6 6.Bg2 Bxd2+ 7.Qxd2 Ne4 8.Qc2 Qb4+
9.Nc3 Nxc3 10.Qxc3 Qxc3+ 11.bxc3 b6 12.Ne5 Bb7 13.Nxc6  1/2-1/2

[Event "Sverdlovsk"]
[Site "Sverdlovsk"]
[Date "1989.??.??"]
[Round "?"]
[White "Zhidkov, Valery S"]
[Black "Rashkovsky, Nukhim N"]
[Result "1/2-1/2"]
[WhiteElo "2460"]
[BlackElo "2520"]

1.d4 Nf6 2.Nf3 e6 3.c4 Bb4+ 4.Bd2 a5 5.Nc3 d5 6.e3 O-O 7.Bd3 c5 8.dxc5 Nbd7
9.O-O Nxc5 10.Be2 b6 11.cxd5 Nxd5 12.Nxd5 Qxd5 13.Bxb4 Qxd1 14.Rfxd1 axb4
15.a3 bxa3 16.Rxa3 Rxa3 17.bxa3 Bb7 18.Ne5  1/2-1/2

[Event "SWE-ch"]
[Site "?"]
[Date "1989.??.??"]
[Round "?"]
[White "Ziegler, Ari"]
[Black "Schneider, Lars Ake"]
[Result "0-1"]
[WhiteElo "2315"]
[BlackElo "2460"]

1.d4 Nf6 2.c4 e6 3.Nf3 Bb4+ 4.Bd2 Qe7 5.g3 Nc6 6.Bg2 Bxd2+ 7.Nbxd2 d6 8.O-O a5
9.Rc1 O-O 10.e4 e5 11.d5 Nb4 12.a3 Nd3 13.Rc3 Nc5 14.Ne1 a4 15.Nd3 Nxd3 16.Rxd3 Nd7
17.f4 Nc5 18.Re3 Bd7 19.Qh5 f6 20.Rc1 b5 21.Bf1 Rab8 22.Rc2 b4 23.Bh3 bxa3
24.Rxa3 Bxh3 25.Qxh3 exf4 26.gxf4 f5 27.exf5 Qf6 28.Rac3 Qxf5 29.Qxf5 Rxf5
30.Rf3 Rbf8 31.b4 axb3 32.Nxb3 Nxb3 33.Rxb3 Rxf4 34.Kg2 Rg4+ 35.Rg3 Rd4 36.Rf3 g5
37.Rfc3 Kg7 38.h3 Rff4 39.Kg3 Kf6 40.Kg2 Ke5 41.Kg3 Rde4 42.c5 Kxd5 43.cxd6 cxd6
44.Rc7 h6 45.Rh7 Re3+ 46.Kg2 Rh4 47.Rd2+ Ke6 48.Rg7 d5 49.Rg6+ Ke5 50.Rg8 Rhxh3
51.Re8+ Kf6 52.Rxd5 Rxe8 53.Kxh3 h5 54.Rd6+ Kf5 55.Rh6 Re3+ 56.Kg2 Kg4 57.Ra6 Re2+
58.Kg1 h4 59.Ra4+ Kf3 60.Ra3+ Re3 61.Ra1 g4 62.Rb1 g3 63.Rf1+ Kg4 64.Kh1 h3
65.Ra1 Rd3 66.Rb1 Kf3  0-1

[Event "SWE-ch"]
[Site "?"]
[Date "1989.??.??"]
[Round "?"]
[White "Renman, Nils Gustaf"]
[Black "Johansson, Jan"]
[Result "1/2-1/2"]
[WhiteElo "2410"]
[BlackElo "2365"]

1.d4 Nf6 2.Nf3 e6 3.c4 Bb4+ 4.Bd2 c5 5.Bxb4 cxb4 6.a3 bxa3 7.Rxa3 b6 8.e3 Bb7
9.Bd3 d6 10.Nc3 Nbd7 11.O-O O-O 12.b4 a6 13.Nd2 Qe7 14.Nb3  1/2-1/2

[Event "SWE-ch"]
[Site "?"]
[Date "1989.??.??"]
[Round "?"]
[White "Sjodahl, Pontus"]
[Black "Wessman, Richard"]
[Result "1/2-1/2"]
[WhiteElo "2240"]
[BlackElo "2370"]

1.d4 e6 2.c4 Nf6 3.Nf3 Bb4+ 4.Bd2 Qe7 5.g3 Nc6 6.Nc3 Bxc3 7.Bxc3 Ne4 8.Qc2 Nxc3
9.Qxc3 O-O 10.Bg2 d6 11.O-O e5 12.d5 Nb8 13.b4 Bg4 14.c5 Nd7 15.c6 bxc6 16.Qxc6 Nf6
17.Rfc1 Rfc8 18.Qc4 Bxf3 19.exf3 a5 20.b5 g6 21.Bh3 Rcb8 22.Qd3 a4 23.Rc6 Ra5
24.Rb1 e4 25.fxe4 Qxe4 26.Qxe4 Nxe4 27.Re1 Nf6 28.Bf1 Ra7 29.Ra6 Rba8 30.Rc1 Nxd5  1/2-1/2

[Event "SWZ-ch int+"]
[Site "?"]
[Date "1989.??.??"]
[Round "4"]
[White "Zueger, Beat"]
[Black "Trepp, Markus"]
[Result "1/2-1/2"]
[WhiteElo "2435"]
[BlackElo "2375"]

1.d4 Nf6 2.c4 e6 3.Nf3 Bb4+ 4.Bd2 Qe7 5.g3 Nc6 6.Nc3 Bxc3 7.Bxc3 Ne4 8.Rc1 d6
9.d5 Nxc3 10.Rxc3 Nb8 11.Bg2 O-O 12.O-O e5 13.Nd2 Bg4 14.h3 Bh5 15.c5 dxc5
16.Ne4 Nd7 17.d6 Qd8 18.b4 cxd6 19.Nxd6 cxb4 20.Nxb7 Qb6 21.Re3 Nf6 22.Rxe5 Rae8
23.Rxe8 Rxe8 24.Re1 h6 25.Qc2 Qb5 26.Nd6 b3 27.Qc3 Qe5  1/2-1/2